| 000 | 01341pab a2200169 454500 | ||
|---|---|---|---|
| 008 | 180718b1998 xxu||||| |||| 00| 0 eng d | ||
| 100 | _aRussell, Gregory D. | ||
| 245 | _aThe limits of reinventing government | ||
| 260 | _c1998 | ||
| 300 | _ap.325-46 | ||
| 362 | _aDec | ||
| 520 | _aWhen introduced, reinventing government promised significant changes in government performance. Juxtaposed against that theory is one presented by "refounders," which demands a return to a constitutional grounding in governance. This article suggests that each has significant limitations that can best be understood by examining the other. Accordingly, we seek to establish the central or core theoretical concepts of each theory and the underlying assumptions on which each theory rests. We then proceed to examine them critically as "theories" and compare them to empirical evidence. We argue each is vague, internally inconsistent, and contradicted by known empirical evidence. However, we argue that by integrating the two, the weaknesses of each can be overcome, permitting the evolution of a more fully informed theory, one that addresses both the "means" and the "ends" of government. - Reproduced | ||
| 650 | _aPolitics and government | ||
| 650 | _aPublic administration | ||
| 773 | _aAmerican Review of Public Administration | ||
| 909 | _a39918 | ||
| 999 |
_c39918 _d39918 |
||